000 00753nam a2200241 i 4500
001 10504
003 ES-MaACL
005 20250814063208.0
007 t|
008 950728s1995 sp ||||1| spa d
020 _a84-206-9412-6
080 _a52
080 _a523.18
100 1 _aGalilei, Galileo,
_d1564-1642
_953419
245 1 0 _aDiálogo sobre los dos máximos sistemas del mundo ptolemaico y copernicano /
_cGalileo Galilei ; edición de Antonio Beltrán Marí.
260 _aMadrid :
_bAlianza,
_c1995.
300 _aLXXXIII, 417 p. ;
_c26 cm.
500 _aIndices.
650 7 _aAstronomía
_2embne
_910386
700 1 _aBeltrán Marí, Antonio.
_927371
852 _aES-MaACL
_jL-17846
_bR.123878
999 _c10504
_d10504